000 00669nam a2200229Ia 4500
003 OSt
005 20220928102013.0
006 a|||||r|||| 00| 0
007 ta
008 220927b |||||||| |||| 00| 0 eng d
024 _a43295
037 _cTextual
040 _aSDCL
_cSDCL
_beng
041 _2eng
_aeng
082 _aV211:72'K, M6
100 _aRao T A Gopinatha Ed.
_9396170
245 0 _aCopper-plate inscriptions belonging to the Sri Sankarcharya of the kamkoti-pitha
260 _aDelhi
_bGian Publishing House
_c1986
300 _a137p
_ccm.
942 _hV211:72'K, M6
_cTEXL
_2CC
999 _c711875
_d711875